00424nam a2200181Ia 4500003000400000005001700004008004100021040000700062041000800069082002000077100002000097245005000117260002600167365001300193440000600206650001600212650001400228OSt20230530100810.0210423s2000 xx 000 0 und d cAL aeng a307.14 VOPG223 aVOPEL (Klaus W) aProgramming life problem solving co operation aNew DelhibDBYAc2000 b450cINR v4 aCommunities aSociology